Transportation engineering; planning and design (Record no. 548136)
[ view plain ]
| 000 -LEADER | |
|---|---|
| fixed length control field | 00767cam a2200217 4500 |
| 082 00 - DEWEY DECIMAL CLASSIFICATION NUMBER | |
| Classification number | 629.04 |
| Author Mark | PAQ |
| -- | L-18, P-34 |
| 100 1# - MAIN ENTRY--PERSONAL NAME | |
| Personal name | Paquette, Radnor Joseph. |
| 245 10 - TITLE STATEMENT | |
| Title | Transportation engineering; planning and design |
| Statement of responsibility, etc. | [by] Radnor J. Paquette, Norman Ashford [and] Paul H. Wright. |
| 260 ## - PUBLICATION, DISTRIBUTION, ETC. | |
| Place of publication, distribution, etc. | New York, |
| Name of publisher, distributor, etc. | Ronald Press Co. |
| Date of publication, distribution, etc. | [1972] |
| 300 ## - PHYSICAL DESCRIPTION | |
| Extent | vi, 760 p. |
| Other physical details | illus. |
| Dimensions | 24 cm. |
| 526 ## - STUDY PROGRAM INFORMATION NOTE | |
| Program name | 0 |
| Interest level | 0 |
| Reading level | 0 |
| Title point value | 629_040000000000000_PAQ |
| 526 ## - STUDY PROGRAM INFORMATION NOTE | |
| Program name | 0 |
| Interest level | 0 |
| Reading level | 0 |
| Title point value | 629_040000000000000_PAQ |
| 526 ## - STUDY PROGRAM INFORMATION NOTE | |
| Program name | 0 |
| Interest level | 0 |
| Reading level | 0 |
| Title point value | 629_040000000000000_PAQ |
| 526 ## - STUDY PROGRAM INFORMATION NOTE | |
| Program name | 0 |
| Interest level | 0 |
| Reading level | 0 |
| Title point value | 629_040000000000000_PAQ |
| 650 #0 - SUBJECT ADDED ENTRY--TOPICAL TERM | |
| Topical term or geographic name entry element | Civil engineering. |
| 650 #0 - SUBJECT ADDED ENTRY--TOPICAL TERM | |
| Topical term or geographic name entry element | MCE |
| 9 (RLIN) | 379 |
| 650 #0 - SUBJECT ADDED ENTRY--TOPICAL TERM | |
| Topical term or geographic name entry element | Transportation engineering. |
| 9 (RLIN) | 854 |
| 700 1# - ADDED ENTRY--PERSONAL NAME | |
| Personal name | Ashford, Norman, |
| 9 (RLIN) | 7046 |
| 700 1# - ADDED ENTRY--PERSONAL NAME | |
| Personal name | Wright, Paul H., |
| 9 (RLIN) | 7049 |
| 942 ## - ADDED ENTRY ELEMENTS (KOHA) | |
| Source of classification or shelving scheme | |
| Koha item type | Book |
| Withdrawn status | Lost status | Source of classification or shelving scheme | Damaged status | Not for loan | Permanent Location | Current Location | Date acquired | Total Checkouts | Full call number | Barcode | Date last seen | Price effective from | Koha item type |
|---|---|---|---|---|---|---|---|---|---|---|---|---|---|
| Military College of Engineering (MCE) | Military College of Engineering (MCE) | 08/22/2014 | 629.04 PAQ | MCE-33248 | 08/22/2014 | 08/22/2014 | Book | ||||||
| Military College of Engineering (MCE) | Military College of Engineering (MCE) | 08/22/2014 | 629.04 PAQ | MCE-24352 | 08/22/2014 | 08/22/2014 | Book | ||||||
| Military College of Engineering (MCE) | Military College of Engineering (MCE) | 08/22/2014 | 629.04 PAQ | MCE-16044 | 08/22/2014 | 08/22/2014 | Book | ||||||
| Military College of Engineering (MCE) | Military College of Engineering (MCE) | 08/22/2014 | 629.04 PAQ | MCE-24338 | 08/22/2014 | 08/22/2014 | Book |
